Financovanie podnikateľskej činnosti z fondov Európskej únie diplomová práca

Saved in:
Bibliographic Details
Main Author: Švecová, Zuzana
Corporate Author: Fakulta podnikového manažmentu EU. Katedra podnikovohospodárska
Other Authors: Rybárová, Daniela, 1967-
Format: Book
Language:Slovak
Published: Bratislava 2008
Tags: Add Tag
No Tags, Be the first to tag this record!

MARC

LEADER 00000nam$a2200000$$$4500
001 0086307
005 20240201115130.0
041 0 |a slo 
044 |a SK 
245 1 0 |a Financovanie podnikateľskej činnosti z fondov Európskej únie  |b diplomová práca  |c Zuzana Švecová ; škol. Daniela Rybárová 
264 1 |a Bratislava  |c 2008 
300 |a 75 s. 
100 1 |a Švecová, Zuzana 
700 1 |a Rybárová, Daniela, 1967- 
710 2 |a Fakulta podnikového manažmentu EU. Katedra podnikovohospodárska